[Event "Titled Tue 20th May Early"]
[Site "chess.com INT"]
[Date "2025.05.20"]
[Round "6"]
[White "King, Alexander"]
[Black "Filindash, Nikita"]
[Result "1-0"]
[WhiteTitle "FM"]
[BlackTitle "CM"]
[WhiteElo "2263"]
[BlackElo "2198"]
[WhiteFideId "2063620"]
[BlackFideId "34159983"]
[EventDate "2025.05.20"]

1. c4 e6 2. Nf3 d5 3. d4 Nf6 4. g3 Be7 5. Bg2 O-O 6. Qc2 a6 7. Nbd2 Nc6 8. O-O
dxc4 9. Nxc4 Nxd4 10. Nxd4 Qxd4 11. Rd1 Qc5 12. Be3 Qf5 13. Qxf5 exf5 14. Rac1
Rb8 15. Bf4 Ne8 16. Nb6 Be6 17. Nd7 Bxd7 18. Rxd7 Bd6 19. Bxd6 Nxd6 20. Rcxc7
Rfd8 21. Bd5 Nb5 22. Rxb7 Rxb7 23. Rxd8# 1-0

[Event "Titled Tue 20th May Early"]
[Site "chess.com INT"]
[Date "2025.05.20"]
[Round "6"]
[White "Sanhueza, Cristian"]
[Black "Neustroev, Victor"]
[Result "1-0"]
[WhiteTitle "FM"]
[BlackTitle "FM"]
[WhiteElo "2182"]
[BlackElo "2283"]
[WhiteFideId "116815"]
[BlackFideId "4144147"]
[EventDate "2025.05.20"]

1. e4 c5 2. Nf3 e6 3. d4 cxd4 4. Nxd4 a6 5. Be2 Nf6 6. Nc3 Qc7 7. O-O Be7 8. f4
d6 9. Kh1 O-O 10. a4 Nc6 11. Be3 Re8 12. a5 Nxa5 13. e5 dxe5 14. fxe5 Qxe5 15.
Bf4 Qc5 16. Na4 Qa7 17. Bc7 Bd8 18. Bxd8 Rxd8 19. Nb5 Rxd1 20. Raxd1 Nc6 21.
Nxa7 Rxa7 22. Nb6 Nd5 23. Nxc8 Ra8 24. Rxd5 exd5 25. Nb6 Rd8 26. Bf3 Nb4 27. c3
Nd3 28. Bxd5 Nxb2 29. Bxf7+ Kh8 30. Bd5 g6 31. h4 Rd6 32. Rf8+ Kg7 33. Rf7+ Kh6
34. Rxb7 Nd3 35. Bg8 1-0

[Event "Titled Tue 20th May Early"]
[Site "chess.com INT"]
[Date "2025.05.20"]
[Round "6"]
[White "Khoo-Thwe, Louis"]
[Black "Suvradeepta, Das"]
[Result "1-0"]
[BlackTitle "FM"]
[WhiteElo "2214"]
[BlackElo "2254"]
[WhiteFideId "1538756"]
[BlackFideId "5058031"]
[EventDate "2025.05.20"]

1. e4 c6 2. d4 d5 3. Nc3 dxe4 4. Nxe4 Bf5 5. Ng5 h6 6. Nxf7 Kxf7 7. Nf3 Nd7 8.
Bc4+ e6 9. O-O Ngf6 10. Re1 Bd6 11. Nh4 Bg4 12. f3 Nd5 13. g3 g5 14. Ng2 Bh5 15.
Qe2 Qf6 16. g4 Bg6 17. Bb3 Rae8 18. c4 Qxd4+ 19. Kh1 Nb4 20. Be3 Qe5 21. f4 Qe4
22. Rad1 Nd3 23. Bc2 Qxc4 24. Bxd3 Bxd3 25. Rxd3 Qb4 26. Red1 1-0

[Event "Titled Tue 20th May Early"]
[Site "chess.com INT"]
[Date "2025.05.20"]
[Round "6"]
[White "Bardyk, Artem"]
[Black "Tsydypov, Zhamsaran"]
[Result "0-1"]
[WhiteTitle "FM"]
[BlackTitle "GM"]
[WhiteElo "2284"]
[BlackElo "2514"]
[WhiteFideId "34349979"]
[BlackFideId "4108566"]
[EventDate "2025.05.20"]

1. e4 g6 2. d4 Bg7 3. Nc3 d6 4. Nf3 a6 5. Bc4 e6 6. a4 Nf6 7. h3 O-O 8. O-O Nc6
9. Re1 b6 10. Bg5 h6 11. Bh4 g5 12. Bg3 Bb7 13. Qd2 Ne7 14. Rad1 Ng6 15. d5 e5
16. Nh2 Bc8 17. Nf1 Nf4 18. Ne3 N6h5 19. Be2 Nxe2+ 20. Qxe2 Nf4 21. Qf3 Qf6 22.
Bxf4 gxf4 23. Nf5 Bxf5 24. exf5 Qxf5 25. g4 Qxc2 26. Rc1 Qg6 27. Kh1 b5 28. axb5
axb5 29. Nxb5 Rfb8 30. Nc3 Rb3 31. Ra1 Rxa1 32. Rxa1 Rxb2 33. Kg2 f5 34. Kh1 e4
35. gxf5 exf3 36. fxg6 Bxc3 0-1

[Event "Titled Tue 20th May Early"]
[Site "chess.com INT"]
[Date "2025.05.20"]
[Round "6"]
[White "Gong, Qianyun"]
[Black "Vyom Malhotra"]
[Result "1-0"]
[WhiteTitle "WGM"]
[BlackTitle "CM"]
[WhiteElo "2265"]
[BlackElo "1975"]
[WhiteFideId "8602425"]
[BlackFideId "33383561"]
[EventDate "2025.05.20"]

1. d4 Nf6 2. c4 c5 3. d5 b5 4. cxb5 a6 5. e3 axb5 6. Bxb5 g6 7. Nf3 Bg7 8. O-O
O-O 9. Nc3 d6 10. a4 Bf5 11. Re1 Na6 12. e4 Bc8 13. h3 Nb4 14. Bd2 Bd7 15. Bc4
Qb6 16. e5 dxe5 17. Nxe5 Bf5 18. Rc1 h5 19. Bg5 Rfd8 20. g4 hxg4 21. hxg4 Bc8
22. Qf3 Bb7 23. b3 Nfxd5 24. Qxf7+ Kh7 25. Nxd5 Bxd5 26. Bxd5 Nxd5 27. Rcd1 Qxb3
28. Rd3 Qxd3 29. Nxd3 Rxa4 30. Kg2 Rxg4+ 31. Kf3 Rxg5 32. Rh1+ Rh5 33. Rxh5+
gxh5 34. Qxh5+ Kg8 35. Nxc5 Rf8+ 36. Kg3 Nf6 37. Qg6 Ne8 38. Ne6 Kh8 39. Nxf8 1-0

[Event "Titled Tue 20th May Early"]
[Site "chess.com INT"]
[Date "2025.05.20"]
[Round "6"]
[White "Deboushnik De"]
[Black "Smirnov, Alexandr A."]
[Result "1-0"]
[BlackTitle "FM"]
[WhiteElo "2207"]
[BlackElo "2136"]
[WhiteFideId "25768778"]
[BlackFideId "24104396"]
[EventDate "2025.05.20"]

1. e4 d5 2. exd5 Qxd5 3. Nc3 Qd6 4. d4 Nf6 5. Nf3 a6 6. g3 Bg4 7. Bg2 Nc6 8. O-O
O-O-O 9. d5 Ne5 10. Bf4 Bxf3 11. Bxf3 Nxf3+ 12. Qxf3 e5 13. dxe6 Qxe6 14. Bg5 h6
15. Rfe1 Qc6 16. Qxc6 bxc6 17. Bxf6 gxf6 18. Re4 Bd6 19. Rae1 Kd7 20. Ra4 Ra8
21. Ne4 f5 22. Nf6+ Kc8 23. Rh4 f4 24. gxf4 Rb8 25. b3 Rb5 26. Ne4 Kd7 27. Rg4
Rf5 28. c4 Rxf4 29. Rxf4 Bxf4 30. Nc5+ Kd6 31. Nxa6 Ra8 32. Nb4 c5 33. Nd5 Bd2
34. Rd1 Rxa2 35. Nc3 1-0

[Event "Titled Tue 20th May Early"]
[Site "chess.com INT"]
[Date "2025.05.20"]
[Round "6"]
[White "Ghoreishi Amiri, Seyed Kian"]
[Black "Williams, Simon K"]
[Result "1-0"]
[WhiteTitle "CM"]
[BlackTitle "GM"]
[WhiteElo "2215"]
[BlackElo "2445"]
[WhiteFideId "36757527"]
[BlackFideId "404454"]
[EventDate "2025.05.20"]

1. d4 e6 2. c4 f5 3. Nc3 Nf6 4. Bg5 Bb4 5. Nf3 O-O 6. e3 b6 7. Bd3 Bb7 8. O-O
Bxc3 9. bxc3 d6 10. Ne1 Nbd7 11. f3 Qe8 12. Bh4 Qh5 13. Bf2 e5 14. Be2 Qg6 15.
Nd3 Rae8 16. c5 f4 17. exf4 e4 18. fxe4 Nxe4 19. Bf3 Kh8 20. Rc1 Ndf6 21. cxd6
cxd6 22. c4 h5 23. c5 dxc5 24. dxc5 Rd8 25. Ne5 Qf5 26. Nf7+ Rxf7 27. Qxd8+ Kh7
28. c6 Ba6 29. c7 Bc8 30. Bd4 Nd2 31. Rf2 Nxf3+ 32. Rxf3 Nd5 33. Be5 Rf8 34.
Qxd5 1-0

[Event "Titled Tue 20th May Early"]
[Site "chess.com INT"]
[Date "2025.05.20"]
[Round "6"]
[White "Bukreev, Stanislav"]
[Black "Ilinca, Felix-Antonio"]
[Result "0-1"]
[WhiteTitle "FM"]
[BlackTitle "IM"]
[WhiteElo "2328"]
[BlackElo "2420"]
[WhiteFideId "34252347"]
[BlackFideId "54764998"]
[EventDate "2025.05.20"]

1. d4 d5 2. c4 c6 3. Nf3 Nf6 4. Nc3 Bf5 5. cxd5 Nxd5 6. Qb3 Nxc3 7. bxc3 Qc8 8.
Ne5 e6 9. f3 Nd7 10. e4 Bg6 11. Nxg6 hxg6 12. Be2 Bd6 13. e5 Be7 14. f4 b5 15.
Be3 Nb6 16. c4 bxc4 17. Bxc4 Bh4+ 18. Ke2 Be7 19. h3 Rb8 20. Rab1 O-O 21. Rhc1
Qd7 22. Qd3 Rfd8 23. g4 c5 24. dxc5 Qc6 25. cxb6 Qg2+ 26. Bf2 Rxd3 27. Bxd3 Rxb6
28. Rg1 Qd5 29. Bxb6 axb6 30. Rb2 Qd4 31. Rgb1 Bc5 32. f5 Qe3+ 33. Kf1 Qxd3+ 34.
Kg2 gxf5 35. gxf5 0-1

[Event "Titled Tue 20th May Early"]
[Site "chess.com INT"]
[Date "2025.05.20"]
[Round "6"]
[White "Goltsev, Dmitry"]
[Black "Pavlov, Nikolay"]
[Result "1-0"]
[WhiteTitle "FM"]
[BlackTitle "FM"]
[WhiteElo "2183"]
[BlackElo "2316"]
[WhiteFideId "24176710"]
[BlackFideId "24141470"]
[EventDate "2025.05.20"]

1. d4 Nf6 2. Nc3 d5 3. Bf4 Bf5 4. e3 e6 5. Nf3 a6 6. Ne5 Bb4 7. g4 Be4 8. f3 Bg6
9. h4 h6 10. Nxg6 fxg6 11. Bd3 Kf7 12. a3 Bd6 13. Ne2 Nc6 14. Qd2 e5 15. dxe5
Nxe5 16. Bxe5 Bxe5 17. O-O-O Qe7 18. Rdg1 g5 19. f4 Bd6 20. fxg5 hxg5 21. hxg5
Rxh1 22. Rxh1 Nxg4 23. g6+ Kg8 24. Bc4 Nh6 25. Bxd5+ Kh8 26. e4 c6 27. Rxh6+
gxh6 28. Qxh6+ 1-0

[Event "Titled Tue 20th May Early"]
[Site "chess.com INT"]
[Date "2025.05.20"]
[Round "6"]
[White "Rozman, Levy"]
[Black "Dumanuly, Sultanbeibarys"]
[Result "1-0"]
[WhiteTitle "IM"]
[BlackTitle "FM"]
[WhiteElo "2324"]
[BlackElo "2117"]
[WhiteFideId "2039877"]
[BlackFideId "13731963"]
[EventDate "2025.05.20"]

1. Na3 e5 2. c3 d5 3. Nc2 Nf6 4. d4 Nc6 5. dxe5 Nxe5 6. Nf3 Nxf3+ 7. gxf3 c6 8.
Rg1 g6 9. Bf4 Bg7 10. Qd2 h5 11. O-O-O Qa5 12. Kb1 Bf5 13. Ka1 Bxc2 14. Qxc2
O-O-O 15. e4 dxe4 16. Bh3+ Nd7 17. Qxe4 f5 18. Qe6 Rhe8 19. Qxg6 Bxc3 20. Bxf5
Bxb2+ 21. Kb1 Re7 22. Rxd7 Rexd7 23. Bxd7+ Rxd7 24. Qe8+ Qd8 25. Qxd8+ Rxd8 26.
Kxb2 Rf8 27. Be3 Rxf3 28. Rg3 Rf5 29. Rg5 1-0

[Event "Titled Tue 20th May Early"]
[Site "chess.com INT"]
[Date "2025.05.20"]
[Round "6"]
[White "Manvelyan, Mikayel"]
[Black "Manafov, Vugar"]
[Result "0-1"]
[WhiteTitle "FM"]
[BlackTitle "IM"]
[WhiteElo "2362"]
[BlackElo "2432"]
[WhiteFideId "13310143"]
[BlackFideId "13410814"]
[EventDate "2025.05.20"]

1. e4 c5 2. Nf3 e6 3. d4 cxd4 4. Nxd4 Nf6 5. Nc3 Nc6 6. Ndb5 Bb4 7. a3 Bxc3+ 8.
Nxc3 d5 9. exd5 exd5 10. Bd3 O-O 11. O-O Bg4 12. f3 Be6 13. Kh1 h6 14. Bf4 d4
15. Ne4 Nd5 16. Bd2 b6 17. Re1 Re8 18. c4 Ne3 19. Bxe3 dxe3 20. Rxe3 Qd4 21. Re2
Rad8 22. Rd2 Bf5 23. Qc2 Bxe4 24. fxe4 Ne5 25. Rad1 Ng4 26. h3 Ne3 27. Qa4 Nxd1
28. Rxd1 Kf8 29. Qb4+ Qd6 30. Qc3 Qd4 31. Qc2 Qe3 32. b4 Rd4 33. c5 bxc5 34.
bxc5 Red8 35. c6 Rxd3 36. Rxd3 Qxd3 37. c7 Qd1+ 38. Kh2 Qd6+ 39. e5 Qxe5+ 40.
Kh1 Qe1+ 41. Kh2 Qe5+ 42. Kh1 Rc8 43. Qc6 Qxc7 44. Qd5 Qc1+ 45. Kh2 Qf4+ 0-1

[Event "Titled Tue 20th May Early"]
[Site "chess.com INT"]
[Date "2025.05.20"]
[Round "6"]
[White "Chelly, Yahya"]
[Black "Nouali, Mohamed"]
[Result "0-1"]
[WhiteTitle "CM"]
[BlackTitle "FM"]
[WhiteElo "2039"]
[BlackElo "2157"]
[WhiteFideId "5516200"]
[BlackFideId "5502462"]
[EventDate "2025.05.20"]

1. d4 Nf6 2. c4 g6 3. Nf3 Bg7 4. e3 O-O 5. Be2 d6 6. b4 e5 7. Bb2 exd4 8. Nxd4
Ne4 9. Qc2 Re8 10. Nc3 Bxd4 11. exd4 Bf5 12. Nxe4 Bxe4 13. Qc3 Qf6 14. f3 Bf5
15. d5 Qxc3+ 16. Bxc3 Bd3 0-1

[Event "Titled Tue 20th May Early"]
[Site "chess.com INT"]
[Date "2025.05.20"]
[Round "6"]
[White "Nakonechnyi, Oleksii"]
[Black "Miszler, Levente"]
[Result "0-1"]
[BlackTitle "FM"]
[WhiteElo "2224"]
[BlackElo "2261"]
[WhiteFideId "34173714"]
[BlackFideId "763276"]
[EventDate "2025.05.20"]

1. e4 e6 2. d4 d5 3. Nd2 Nf6 4. e5 Nfd7 5. c3 c5 6. Ndf3 Nc6 7. Bb5 cxd4 8. Bxc6
bxc6 9. cxd4 c5 10. Ne2 Ba6 11. O-O cxd4 12. Nfxd4 Qb6 13. Be3 Bc5 14. a3 Bxe2
15. Nxe2 Bxe3 16. fxe3 Qxe3+ 17. Kh1 O-O 18. Nd4 Qxe5 19. Qd2 Nf6 20. Rae1 Ne4
21. Qd3 Rac8 22. Qe3 Rc4 23. Rd1 h6 24. Rfe1 Rfc8 25. Kg1 Qg5 26. Qf3 Nd2 27.
Qf2 Rxd4 28. h4 Qxh4 29. Rxd2 Qxf2+ 30. Rxf2 Rc7 31. Re3 Rdc4 32. Ree2 g6 33.
Kh2 Kg7 34. b4 Rc3 35. Ra2 Rb3 36. Rf4 e5 37. Rff2 Rcc3 38. Rfe2 e4 39. Red2 Rd3
40. Rdc2 Rxa3 41. Rab2 Rab3 42. Ra2 Rxb4 43. Rxa7 Rb6 44. Rcc7 Rf6 45. Ra8 Rd2
46. Rcc8 h5 47. Rh8 Rff2 48. Rhg8+ Kf6 49. Ra6+ Kg5 50. Kh3 Rxg2 51. Rh8 Rh2+
52. Kg3 Rdg2# 0-1

[Event "Titled Tue 20th May Early"]
[Site "chess.com INT"]
[Date "2025.05.20"]
[Round "6"]
[White "Niemann, Hans Moke"]
[Black "Sklokin, Sergey"]
[Result "1-0"]
[WhiteTitle "GM"]
[BlackTitle "FM"]
[WhiteElo "2736"]
[BlackElo "2311"]
[WhiteFideId "2093596"]
[BlackFideId "55730230"]
[EventDate "2025.05.20"]

1. e4 c5 2. Nf3 e6 3. b3 Nc6 4. Bb2 d5 5. Bb5 dxe4 6. Ne5 Bd7 7. Bxc6 Bxc6 8.
Nxc6 bxc6 9. Qe2 f5 10. Nc3 Nf6 11. O-O-O Nd5 12. f3 exf3 13. Qxe6+ Ne7 14. gxf3
Qd7 15. Qe2 O-O-O 16. Rhe1 Nd5 17. Nxd5 cxd5 18. Qa6+ Qb7 19. Qe6+ Qd7 20. d4
Qxe6 21. Rxe6 Kd7 22. Ra6 c4 23. Rxa7+ Kc6 24. bxc4 dxc4 25. d5+ Rxd5 26. Ra6+
Kb5 27. Ra8 Kc6 28. Rxd5 Kxd5 29. Kb1 Rg8 30. a4 g5 31. Ba3 Bxa3 32. Rxg8 Be7
33. a5 Kc5 34. a6 Kb6 35. a7 1-0

[Event "Titled Tue 20th May Early"]
[Site "chess.com INT"]
[Date "2025.05.20"]
[Round "6"]
[White "Tran, Vo Quoc Bao"]
[Black "Ocampos, Ian"]
[Result "0-1"]
[WhiteElo "2096"]
[BlackElo "2219"]
[WhiteFideId "12425184"]
[BlackFideId "117544"]
[EventDate "2025.05.20"]

1. e4 c5 2. Nf3 a6 3. c3 g6 4. d4 cxd4 5. cxd4 d5 6. e5 Nc6 7. Nc3 Bg4 8. Be2
Bg7 9. O-O f6 10. h3 Bxf3 11. Bxf3 e6 12. exf6 Nxf6 13. Re1 Kf7 14. Bg5 Qd6 15.
Qd3 Rae8 16. Rad1 Rhf8 17. Bh4 Kg8 18. Bg3 Qd8 19. Na4 Nd7 20. Qe3 Qa5 21. b3
Nxd4 22. Bg4 Nc2 23. Bxe6+ Kh8 24. Qc1 Nxe1 25. Bxd7 Re2 26. Bg4 Ree8 27. Bd6
Rf6 28. Bc7 Qb4 29. Bg3 Rc6 30. Qg5 Qe4 31. Bd7 Qxg2# 0-1

[Event "Titled Tue 20th May Early"]
[Site "chess.com INT"]
[Date "2025.05.20"]
[Round "6"]
[White "Ruiz Aguilar, Pablo Alexander"]
[Black "Perry, Patrick"]
[Result "1-0"]
[WhiteTitle "FM"]
[WhiteElo "2141"]
[BlackElo "2296"]
[WhiteFideId "4401352"]
[BlackFideId "30917727"]
[EventDate "2025.05.20"]

1. e4 Nf6 2. e5 Nd5 3. Nc3 Nxc3 4. dxc3 Nc6 5. Bf4 d6 6. exd6 exd6 7. Nf3 Be7 8.
Bd3 Bg4 9. Qd2 Bxf3 10. gxf3 Ne5 11. Be4 c6 12. O-O-O Qc7 13. Rhg1 g6 14. h4 f5
15. Bxe5 dxe5 16. Bd3 O-O-O 17. Qh6 Bf6 18. h5 Rdg8 19. Bxf5+ Kb8 20. Be6 Re8
21. Bb3 Qe7 22. hxg6 hxg6 23. Qxg6 Rh2 24. Qg3 Reh8 25. Kb1 a6 26. f4 R2h3 27.
Qg6 exf4 28. Rge1 Qf8 29. a4 Bd8 30. Rd7 Bc7 31. Ree7 Rh1+ 32. Ka2 Rd1 33. Rxc7
Rhh1 34. Rxb7+ Ka8 35. Ra7+ Kb8 36. Reb7+ Kc8 37. Qxc6+ Kd8 38. Ra8# 1-0

[Event "Titled Tue 20th May Early"]
[Site "chess.com INT"]
[Date "2025.05.20"]
[Round "6"]
[White "Matinian, Nikita"]
[Black "Materia, Marco"]
[Result "0-1"]
[WhiteTitle "GM"]
[BlackTitle "IM"]
[WhiteElo "2420"]
[BlackElo "2489"]
[WhiteFideId "24129100"]
[BlackFideId "45150451"]
[EventDate "2025.05.20"]

1. e4 c6 2. d4 d5 3. e5 Bf5 4. Nd2 e6 5. Nb3 Nd7 6. Nf3 h6 7. Be2 g5 8. Be3 Bg7
9. h4 g4 10. Nh2 h5 11. Nf1 f6 12. exf6 Qxf6 13. Ng3 Qg6 14. c4 Bh6 15. O-O
O-O-O 16. Na5 Rh7 17. Qb3 Ndf6 18. cxd5 Bc2 19. Qc3 Nxd5 20. Qa3 Bf8 21. b4 Bxb4
22. Qb2 Bxa5 23. Rfc1 Bc3 24. Qa3 Bxa1 25. Rxa1 Kb8 26. Bg5 Ngf6 27. Rc1 Bf5 28.
Qb3 Ka8 29. a4 Rb8 30. a5 a6 31. Qa4 Qe8 32. Nf1 Ne4 33. Qa1 Nxg5 34. hxg5 h4
35. Nd2 g3 36. Nc4 gxf2+ 37. Kxf2 Qf8 38. Kg1 Qb4 39. Rb1 Qxb1+ 0-1

[Event "Titled Tue 20th May Early"]
[Site "chess.com INT"]
[Date "2025.05.20"]
[Round "6"]
[White "Nugumanov, Bakhtiyar"]
[Black "Azadaliyev, Jahandar"]
[Result "1-0"]
[WhiteTitle "IM"]
[BlackTitle "FM"]
[WhiteElo "2305"]
[BlackElo "2290"]
[WhiteFideId "13701797"]
[BlackFideId "13425811"]
[EventDate "2025.05.20"]

1. e4 c6 2. d4 d5 3. e5 Bf5 4. h4 h5 5. Bd3 Bxd3 6. Qxd3 e6 7. Bg5 Be7 8. Nf3
Nd7 9. Nbd2 Nh6 10. Bxh6 Rxh6 11. g3 Qb6 12. O-O Rg6 13. c4 Qa6 14. Rac1 Kf8 15.
b3 Rd8 16. Qb1 Kg8 17. Rfd1 Rg4 18. b4 dxc4 19. Nxc4 Nb6 20. Ne3 Rg6 21. b5 cxb5
22. Rc7 Rd7 23. Rxd7 Nxd7 24. Rc1 Nb6 25. d5 exd5 26. Rc7 Bd8 27. Rc5 Nc4 28.
Nxd5 Bb6 29. Rc8+ Kh7 30. Ng5+ Kh6 31. Nxf7+ Kh7 32. Rh8# 1-0

[Event "Titled Tue 20th May Early"]
[Site "chess.com INT"]
[Date "2025.05.20"]
[Round "6"]
[White "Vaganian, Rafael A"]
[Black "Dyulgerov, Volen"]
[Result "1-0"]
[WhiteTitle "GM"]
[BlackTitle "CM"]
[WhiteElo "2449"]
[BlackElo "2200"]
[WhiteFideId "13300016"]
[BlackFideId "2918978"]
[EventDate "2025.05.20"]

1. d4 e5 2. e3 Nc6 3. Nf3 d5 4. Bb5 e4 5. Nfd2 a6 6. Be2 Nf6 7. c4 Nb4 8. Nc3 c6
9. a3 Nd3+ 10. Bxd3 exd3 11. c5 b6 12. b4 bxc5 13. bxc5 Qa5 14. Qb3 Ne4 15. Bb2
Nxd2 16. Kxd2 Be7 17. Qb6 Qxb6 18. cxb6 Rb8 19. Na4 Bd8 20. Bc3 Bxb6 21. Nxb6
Rxb6 22. Rab1 Rxb1 23. Rxb1 Ke7 24. Rb6 Bf5 25. Rxc6 Rb8 26. Rc7+ Ke6 27. f3 Rb3
28. Rc6+ Kd7 29. Rxa6 Rb1 30. Ra5 Kc6 31. e4 1-0

[Event "Titled Tue 20th May Early"]
[Site "chess.com INT"]
[Date "2025.05.20"]
[Round "6"]
[White "Lissillour, Baptiste"]
[Black "Deichmann, Esteban Horacio"]
[Result "0-1"]
[WhiteElo "2318"]
[BlackElo "2085"]
[WhiteFideId "45179620"]
[BlackFideId "167410"]
[EventDate "2025.05.20"]

1. e4 c5 2. Nf3 e6 3. g3 d5 4. exd5 exd5 5. d4 Nf6 6. Bg2 Nc6 7. O-O Bd6 8. Re1+
Be6 9. Ng5 O-O 10. Nxe6 fxe6 11. Rxe6 Nxd4 12. Re1 Ne4 13. Be3 Be5 14. c3 Qf6
15. cxd4 cxd4 16. Rf1 dxe3 17. Qxd5+ Kh8 18. fxe3 Qb6 19. Qxe4 Rxf1+ 20. Bxf1
Bxb2 21. Bd3 g6 22. Nd2 Bxa1 23. Nb3 Bg7 0-1

[Event "Titled Tue 20th May Early"]
[Site "chess.com INT"]
[Date "2025.05.20"]
[Round "6"]
[White "Pranesh, M"]
[Black "Bespalov, Elisei"]
[Result "1-0"]
[WhiteTitle "GM"]
[WhiteElo "2576"]
[BlackElo "2303"]
[WhiteFideId "35028600"]
[BlackFideId "34251928"]
[EventDate "2025.05.20"]

1. d4 Nf6 2. Nf3 g6 3. Nbd2 Bg7 4. e4 d6 5. Bd3 O-O 6. O-O e5 7. dxe5 dxe5 8.
Nxe5 Re8 9. Ndf3 Nbd7 10. Nxd7 Bxd7 11. Re1 Bc6 12. Bg5 h6 13. Bxf6 Bxf6 14. c3
Qd6 15. Qc2 Rad8 16. Bc4 Qf4 17. Qb3 Rd7 18. Bb5 Rxe4 19. Bxc6 bxc6 20. Qb8+ Kg7
21. Qxa7 g5 22. Rxe4 Qxe4 23. Qe3 Qxe3 24. fxe3 g4 25. Nd4 c5 26. Nb3 c4 27. Na5
Rd2 28. Nxc4 Rc2 29. a4 1-0

[Event "Titled Tue 20th May Early"]
[Site "chess.com INT"]
[Date "2025.05.20"]
[Round "6"]
[White "Garcia Garcia, Adrian Antonio"]
[Black "Vasquez Schroeder, Rodrigo"]
[Result "0-1"]
[WhiteTitle "CM"]
[BlackTitle "GM"]
[WhiteElo "2157"]
[BlackElo "2446"]
[WhiteFideId "2206587"]
[BlackFideId "3400042"]
[EventDate "2025.05.20"]

1. e4 e6 2. Nf3 c5 3. c3 Nf6 4. e5 Nd5 5. d4 cxd4 6. cxd4 b6 7. Bd3 Bb7 8. O-O
d6 9. Nc3 Nxc3 10. bxc3 Nd7 11. Qe2 Qc7 12. Bd2 dxe5 13. Nxe5 Nxe5 14. dxe5 Be7
15. h4 O-O 16. h5 h6 17. Rae1 Rfd8 18. Bb1 Qc6 19. f3 Ba6 20. Qxa6 Rxd2 21. Re2
Qxc3 22. Qb7 Bc5+ 23. Kh1 Rad8 24. Qe4 Rxe2 25. Qxe2 Rd4 26. g3 Rd2 27. Qe4 Qb2
28. Qh4 Be7 29. Qh3 Qb5 30. Re1 Qb2 31. Be4 Qxa2 32. g4 Qc4 33. Qg3 Bc5 34. Qh3
Qd4 35. g5 Rd1 36. Rxd1 Qxd1+ 0-1

[Event "Titled Tue 20th May Early"]
[Site "chess.com INT"]
[Date "2025.05.20"]
[Round "6"]
[White "Banh Gia Huy"]
[Black "Kilic, Eray"]
[Result "0-1"]
[WhiteTitle "IM"]
[BlackTitle "IM"]
[WhiteElo "2425"]
[BlackElo "2469"]
[WhiteFideId "12424714"]
[BlackFideId "44517173"]
[EventDate "2025.05.20"]

1. e4 c5 2. Nf3 Nc6 3. d4 cxd4 4. Nxd4 g6 5. c4 Nf6 6. Nc3 Nxd4 7. Qxd4 d6 8.
Be2 Bg7 9. O-O O-O 10. Qd3 a5 11. Be3 a4 12. Bd4 Qa5 13. Rac1 Be6 14. Nd5 Bxd5
15. cxd5 Rfc8 16. Bc3 Qb6 17. Bd4 Qa5 18. Bc3 Qd8 19. f4 a3 20. Kh1 Nxe4 21.
Qxe4 axb2 22. Bxb2 Bxb2 23. Rxc8 Rxc8 24. f5 Bf6 25. fxg6 hxg6 26. h4 Kg7 27. h5
Qh8 28. g4 Qh6 29. Kg2 Rc3 30. Rf3 Rc1 31. Qe3 Rc2 32. hxg6 Qxg6 33. Rf5 Qxg4+ 0-1

[Event "Titled Tue 20th May Early"]
[Site "chess.com INT"]
[Date "2025.05.20"]
[Round "6"]
[White "Danila, Tudor-Gabriel"]
[Black "Marcziter, Dmitrii"]
[Result "1/2-1/2"]
[WhiteTitle "CM"]
[BlackTitle "FM"]
[WhiteElo "2178"]
[BlackElo "2208"]
[WhiteFideId "1274244"]
[BlackFideId "13900765"]
[EventDate "2025.05.20"]

1. e4 e5 2. Nf3 Nc6 3. Nc3 Nf6 4. d4 exd4 5. Nxd4 Bb4 6. Nxc6 bxc6 7. Bd3 d5 8.
exd5 cxd5 9. O-O O-O 10. h3 h6 11. Qf3 c6 12. Bf4 Bd6 13. Ne2 Rb8 14. b3 Rb4 15.
Rad1 Qc7 16. Bxd6 Qxd6 17. c3 Rb7 18. c4 Re7 19. Nf4 Rfe8 20. cxd5 cxd5 21. Bc4
Bb7 22. Nxd5 Nxd5 23. Bxd5 Bxd5 24. Qxd5 Qxd5 25. Rxd5 Re2 26. Ra5 R8e7 27. b4
Rb2 28. b5 f5 29. g3 f4 30. gxf4 Rb4 31. Kg2 Rxf4 32. Kg3 Rb4 33. Rc1 Rf7 34.
Rc8+ Kh7 35. Ra8 Rb2 36. f3 Rf5 37. R8xa7 Rfxb5 38. Rxb5 Rxb5 39. a4 Rb2 40. a5
Ra2 41. a6 Ra4 42. h4 h5 43. f4 Kg6 44. Kf3 Kf5 45. Rxg7 Ra3+ 46. Kf2 Rxa6 47.
Rf7+ Kg4 48. f5 Kxh4 49. Ke3 Kg5 50. Ke4 h4 51. Rg7+ Kh6 52. Rg4 Ra4+ 53. Kf3
Rxg4 54. Kxg4 h3 55. Kxh3 Kg5 56. Kg3 Kxf5 1/2-1/2

[Event "Titled Tue 20th May Early"]
[Site "chess.com INT"]
[Date "2025.05.20"]
[Round "6"]
[White "Maltsevskaya, Aleksandra"]
[Black "Maiorov, Nikita1"]
[Result "0-1"]
[WhiteTitle "IM"]
[BlackTitle "GM"]
[WhiteElo "2398"]
[BlackElo "2472"]
[WhiteFideId "24174041"]
[BlackFideId "13501720"]
[EventDate "2025.05.20"]

1. Nf3 Nf6 2. g3 g6 3. c4 Bg7 4. Nc3 c5 5. Bg2 O-O 6. O-O Nc6 7. d4 cxd4 8. Nxd4
Nxd4 9. Qxd4 d6 10. Qd3 a6 11. b3 Bf5 12. e4 Nxe4 13. Bxe4 Bxe4 14. Qxe4 Bxc3
15. Bg5 Bxa1 16. Rxa1 f6 17. Bh6 Rf7 18. Qxb7 e5 19. Qd5 Rc8 20. Rd1 Rc7 21. Be3
f5 22. Qxe5 dxe5 23. Rxd8+ Kg7 24. Bb6 Rc6 25. c5 f4 26. Rd5 e4 27. Re5 fxg3 28.
fxg3 Rcf6 29. Rxe4 Rf1+ 30. Kg2 R7f2+ 31. Kh3 Rh1 32. Re7+ Kf6 0-1